| 000 | 00468nam a22001937a 4500 | ||
|---|---|---|---|
| 003 | MPLRDC | ||
| 005 | 20220104114508.0 | ||
| 008 | 210129b ||||| |||| 00| 0 eng d | ||
| 020 | _a7-80061-983-4 | ||
| 082 | _a628.63 MGFY v.1 | ||
| 100 | _a戚伍编 | ||
| 245 |
_a国民党超级特务谱 _c |
||
| 250 | _a一版一刷 | ||
| 260 |
_a _b团结出版社 _c1994 |
||
| 300 | _b平 | ||
| 490 | _a民国风云秘录丛书 | ||
| 650 | _a | ||
| 942 |
_cBK _o628.63 MGFY v.1 |
||
| 999 |
_c7921 _d7911 |
||